| 000 | 01278 a2200277 4500 | ||
|---|---|---|---|
| 003 | Nust | ||
| 005 | 20230223180722.0 | ||
| 010 | _a 91014108 | ||
| 040 | _cNust | ||
| 082 | 0 | 0 | _a511,LIP |
| 100 | 1 |
_aLipschutz, Seymour. _98529 |
|
| 245 | 1 | 0 |
_a2000 solved problems in discrete mathematics / _cby Seymour Lipschutz, Marc Lars Lipson. |
| 246 | 3 | _aDiscrete mathematics | |
| 246 | 3 | _aTwo thousand solved problems in discrete mathematics | |
| 260 |
_aNew York : _bMcGraw-Hill, _cc1992. |
||
| 300 |
_aiv, 404 p. ; _c28 cm. |
||
| 440 | 0 |
_aSchaum's solved problems series _93538 |
|
| 505 | _aSet Theory (Page-1), Relation (Page-48), Function (Page-81),Vectors and Matrices (Page-115),Graph Theory (Page-156), Planar Graphs and Tress (Page-189), Combinatorial Analysis (Page-243), Algebra Systems (Page-276), Boolean Algebra (Page-370). | ||
| 650 | 0 |
_aComputer science _xMathematics _917957 |
|
| 650 | 0 | _aMathematics | |
| 700 | 1 |
_aLipson, Marc. _9109541 |
|
| 856 | 4 | 2 |
_3Contributor biographical information _uhttp://www.loc.gov/catdir/enhancements/fy1012/91014108-b.html |
| 856 | 4 | 2 |
_3Publisher description _uhttp://www.loc.gov/catdir/description/mh022/91014108.html |
| 856 | 4 | 2 |
_3Table of contents _uhttp://www.loc.gov/catdir/toc/mh021/91014108.html |
| 942 |
_2ddc _cBK |
||
| 999 |
_c217988 _d217988 |
||